Quick Pick: Bowling Terms Quiz Stats

 Plays Quiz Updated Dec 11, 2017

Challenge
Share
Tweet
Embed
Score 0/11 Timer 01:00
0 Plays Today
% Correct
Perfect game
95.6%
Foul
95.5%
Strike
95.5%
Gutter
95.3%
Head pin
95.1%
Frame
91.9%
Split
91.1%
Double
89.3%
Turkey
88.7%
Spare
86.2%
Open
76.2%

Today's Daily Dose

You're not logged in!

Compare scores with friends on all Sporcle quizzes.
Join for Free
OR
Log In

You Might Also Like...

Show Comments

Extras

Top Quizzes Today


Score Distribution

Your Account Isn't Verified!

In order to create a playlist on Sporcle, you need to verify the email address you used during registration. Go to your Sporcle Settings to finish the process.

Report this User

Report this user for behavior that violates our Community Guidelines.

Details: